00490nam a2200193Ia 4500008004100000020001800041050001400059100001700073245002800090245005500118260001500173260001800188260000900206300001600215300002700231300001000258440002000268500000800288170918s9999 xx 000 0 und d a9780736423717 bT519 2006 aThorpe, Kiki 4aThe trouble with tink / cKiki Thorpe ; illustrated by Judith Holmes Clarke. aNew York : bRandom House, c2006 a109 pages : bcolored illustration ; c19cm. aDisney fairies. a690